000 00570nam a2200205Ia 4500
005 20250130025443.0
008 240331s9999 xx 000 0 und d
020 _a0761996443
082 _bMOH
_26261
_a305.5
245 0 _aClass, Caste, Gender:
_bReadings in Indian Government and Politics
260 _aNew Delhi;
_aCalifornia;
_aLondon
_bSAGE Publications
_c2004
300 _a439 p., Volume 5
650 _aGender Inequality
650 _aPolitics
650 _aCaste
650 _aSociety
650 _aPolitical Power
700 _aMohanty, M
_eedt
942 _cL
999 _c4503
_d4503